Evaluación e identidad profesional del profesor, ¿un juego de espejos rotos? (Record no. 181743)

MARC details
000 -CABECERA
campo de control de longitud fija 01752nab a2200277 a 4500
005 - FECHA Y HORA DE LA ÚLTIMA TRANSACCIÓN
campo de control 20260319064218.0
008 - ELEMENTOS DE LONGITUD FIJA--INFORMACIÓN GENERAL
campo de control de longitud fija 991125c2015 mx tr p o 000 0 spa d
035 ## - NÚMERO DE CONTROL DEL SISTEMA
Número de control de sistema UPN01000209642
040 ## - FUENTE DE LA CATALOGACIÓN
Centro catalogador/agencia de origen MX-MxUPN
Lengua de catalogación spa
Centro/agencia transcriptor MX-MxUPN
Normas de descripción aacr2
049 ## - COLECCIÓN
Colección ART-E
100 1# - ASIENTO PRINCIPAL--NOMBRE PERSONAL
Nombre de persona Galaz Ruiz, Alberto
100 1# - ASIENTO PRINCIPAL--NOMBRE PERSONAL
Filiación alberto.galaz@uach.cl
245 10 - MENCIÓN DE TÍTULO
Título Evaluación e identidad profesional del profesor, ¿un juego de espejos rotos?
506 0# - NOTA DE RESTRICCIONES AL ACCESO
Limitaciones de acceso Acceso abierto
520 3# - NOTA DE RESUMEN, ETC.
Sumario, etc. El objetivo del estudio es analizar los impactos de la política de Evaluación Docente en la identidad profesional de los profesores. La identidad profesional es definida como el concepto de Sí en relación con el trabajo y como el resultado de una construcción personal, social y contextual con profundas incidencias en la práctica y adhesión a las políticas e innovaciones. A través de entrevistas se han recogido las narrativas de dos profesores evaluados. Bajo la técnica del análisis de contenido se han calificado y cuantificado las relaciones categoriales y subcategoriales. Los resultados identifican las apreciaciones desarrolladas sobre el Sistema de Evaluación y los impactos en la identidad. También permiten discutir sobre su pertinencia y el compromiso que suscita en los profesores.
650 #4 - ASIENTO SECUNDARIO DE MATERIA - TERMINO TEMATICO
Término de materia o nombre geográfico como elemento de entrada Evaluación del docente
9 (RLIN) 5198
650 #2 - ASIENTO SECUNDARIO DE MATERIA - TERMINO TEMATICO
Término de materia o nombre geográfico como elemento de entrada Identidad profesional
9 (RLIN) 22296
653 0# - TERMINO DE INDIZACION - NO CONTROLADO
Término no controlado Desempeño docente
653 0# - TERMINO DE INDIZACION - NO CONTROLADO
Término no controlado Reconocimiento
773 ## - ENLACE AL DOCUMENTO FUENTE/ENTRADA DE REGISTRO ANFITRIÓN
Parte(s) relacionada(s) Vol. 12, no. 27 (2015), p. 305-333
Título Andamios : revista de investigación social
Número Internacional Normalizado para Publicaciones Seriadas 2594-1917
856 4# - LOCALIZACIÓN Y ACCESO ELECTRÓNICOS
Identificador Uniforme del Recurso <a href="https://andamios.uacm.edu.mx/index.php/andamios/article/view/86">https://andamios.uacm.edu.mx/index.php/andamios/article/view/86</a>
856 4# - LOCALIZACIÓN Y ACCESO ELECTRÓNICOS
Identificador Uniforme del Recurso <a href="https://doi.org/10.29092/uacm.v12i27.86">https://doi.org/10.29092/uacm.v12i27.86</a>
902 ## - ELEMENTOS DE DATOS B LOCAL, LDB (RLIN)
Creó Gloria Jiménez/180625
905 ## - TIPO DE MATERIAL
Tipo de material Articulo
942 ## - ELEMENTOS DE PUNTO DE ACCESO ADICIONAL (KOHA)
Tipo de ítem Koha Artículo Electrónico
Holdings
Estado de retiro Estado de pérdida Estado dañado No para préstamo Código de colección Localización permanente Ubicación/localización actual Ubicación en estantería Fecha de adquisición Total de préstamos Fecha visto por última vez Identificador Uniforme del Recurso Precio válido a partir de Tipo de ítem Koha
        Acceso abierto Bib. Gregorio Torres Quintero Bib. Gregorio Torres Quintero En línea 18/06/2025   18/06/2025 https://doi.org/10.29092/uacm.v12i27.86 18/06/2025 Artículo Electrónico